000
00362nam a22001217a 4500
040
_c
SY
082
_a
658
100
_a
សៀក សូផាត
245
_a
ការធ្វើផែនការ និងគ្រប់គ្រងធនធានធម្មជាតិចម្រុះ
260
_a
RUA
_b
សៀក
_c
2006
300
_a
153p.
942
_c
KB
999
_c
9192
_d
9192